Statistics for 20 Largest cities in France (with photos)

Click here to take the quiz!

General Stats

  • This quiz has been taken 53 times
  • The average score is 15 of 20

Answer Stats

Answer% Correct
Paris
100%
Lyon
98%
Marseille
98%
Nice
98%
Bordeaux
96%
Lille
92%
Toulouse
92%
Nantes
88%
Strasbourg
88%
Montpellier
80%
Rennes
76%
Dijon
65%
Grenoble
65%
Reims
63%
Toulon
61%
Saint-Étienne
59%
Le Havre
57%
Nîmes
49%
Saint-Denis
41%
Angers
29%

Score Distribution

Percentile by Number Answered

Percent of People with Each Score

Your Score History

You have not taken this quiz